[Event "North American-ch U14"]
[Site "Montreal"]
[Date "2010.08.19"]
[Round "7"]
[White "Farrant Diaz, Nathan"]
[Black "Liu, Mudong"]
[Result "1-0"]
[WhiteElo "1319"]
[BlackElo "1089"]
[PlyCount "39"]
[EventDate "2010.08.16"]
[EventType "swiss"]
[EventRounds "7"]
[EventCountry "CAN"]
[SourceTitle "EXT 2013"]
[Source "ChessBase"]
[SourceDate "2012.11.22"]
[SourceVersion "1"]
[SourceVersionDate "2012.11.22"]
[SourceQuality "1"]

1. e4 e5 2. Nf3 Nc6 3. d4 exd4 4. Nxd4 Bc5 5. Be3 Qf6 6. c3 Bxd4 7. cxd4 d6 8. Bc4 Qg6 9. 0-0 Qxe4 10. Re1 Nce7 11. Bd3 Qc6 12. Nc3 a6 13. Rc1 Qd7 14. Bg5 c6 15. d5 c5 16. Ne4 h6 17. Bf4 Kd8 18. Nxd6 Nxd5 19. Bf5 Qc7 20. Re8# 1-0

[Event "North American-ch U14"]
[Site "Montreal"]
[Date "2010.08.18"]
[Round "5"]
[White "Liu, Mudong"]
[Black "Mikerlange, Roseme"]
[Result "1-0"]
[WhiteElo "1089"]
[BlackElo "650"]
[PlyCount "99"]
[EventDate "2010.08.16"]
[EventType "swiss"]
[EventRounds "7"]
[EventCountry "CAN"]
[SourceTitle "EXT 2013"]
[Source "ChessBase"]
[SourceDate "2012.11.22"]
[SourceVersion "1"]
[SourceVersionDate "2012.11.22"]
[SourceQuality "1"]

1. e4 e5 2. Nf3 Nc6 3. Bb5 Nf6 4. 0-0 Bc5 5. Nxe5 Nxe5 6. d4 Neg4 7. dxc5 0-0 8. Re1 a6 9. Ba4 d6 10. cxd6 Qxd6 11. Qxd6 cxd6 12. h3 Ne5 13. Bb3 Bd7 14. Bg5 Bb5 15. Nc3 h6 16. Bxf6 gxf6 17. Nxb5 axb5 18. Rad1 Rfd8 19. Rd5 Ra5 20. c4 b6 21. Rxb5 Rxb5 22. cxb5 Nd3 23. Rd1 Nxb2 24. Rd2 Rc8 25. Rxb2 Rc1+ 26. Kh2 Rc5 27. a4 f5 28. exf5 Rxf5 29. Rd2 Rf6 30. f3 Kg7 31. Rc2 Rf5 32. Rc6 d5 33. Rxb6 d4 34. Rd6 Rf4 35. Kg3 Rf6 36. Rxd4 Rg6+ 37. Rg4 Rxg4+ 38. hxg4 Kg6 39. b6 f5 40. b7 fxg4 41. b8Q gxf3 42. a5 fxg2 43. Qb6+ Kg7 44. a6 h5 45. a7 h4+ 46. Kxh4 g1Q 47. Qxg1+ Kf6 48. a8Q Ke5 49. Qd5+ Kf6 50. Qgg5# 1-0